| 000 | 00611nam a2200193 a 4500 | ||
|---|---|---|---|
| 001 | 000024305 | ||
| 003 | AM-YEHGA | ||
| 005 | 20250618070849.0 | ||
| 008 | 980430s1962 ai |||||||||||||||||arm|d | ||
| 040 | _aAM-YeHGA | ||
| 041 | 0 | _aarm | |
| 100 | 1 |
_aԹումանյան, Հովհաննես Երանոսի, _d1904-1968 _91107 |
|
| 245 | 1 | 0 |
_aՀայաստանի սոցիալիստական էկոնոմիկայի զարգացումը / _cՀ.Ե. Թումանյան. |
| 260 |
_aԵրևան : _bՀայպետհրատ, _c1962. |
||
| 300 | _a364 էջ | ||
| 650 | 1 | 4 | _aԷկոնոմիկա |
| 942 |
_2udc _cBK |
||
| 090 | _c9876 | ||
| 999 |
_c9809 _d9809 |
||